Websites - Statistics

General Stats
  • This quiz has been taken 23 times
  • The average score is 3 of 7
Answer Stats
Site Answer % Correct
J_tP__ k JetPunk
100%
W_k_p_d_a Wikipedia
72%
P_k_m_n_c_o_ Pokemon.com
33%
W_l_a_t Walmart
33%
A_a_o_ P_i_e Amazon Prime
28%
B_a_n_o_ BrainPop
17%
B_a_n P_p j_. BrainPopjr.
11%
No matching quizzes found
Score Distribution
Percent of People with Each Score
Percentile by Number Answered
Your Score History
You have not taken this quiz